000 00887nam a2200253Ia 4500
003 OSt
005 20220923215739.0
006 a|||||r|||| 00| 0
007 ta
008 220922b |||||||| |||| 00| 0 hin d
024 _a181,443
037 _cTextual
040 _aARTS
_cARTS
_bhin
041 _2hin
_ahin
082 _aO152,1:g(Q:1), M6
100 _aपाराशर, अश्विनी
_9156271
245 0 _aहिन्दी नयी कविता मिथक काव्य
246 _aHindī nayī kavitā mithak kāvya
260 _aदिल्ली
_b दीर्घा साहित्य संस्थान
_c1986
300 _a248 पृ.
_ccm.
650 _aहिन्दी साहित्य
_9156264
942 _hO152,1:g(Q:1), M6
_cTEXL
_2CC
999 _c334820
_d334820